000 00278nam a2200109Ia 4500
008 200302s9999 xx 000 0 und d
100 _aRobert W. Gill
245 _aPerspective - From Basic To Creative
260 _bThames and Hudson Publishers
260 _c2006
300 _a272 P
999 _c4380
_d4380